Steven Spielberg Movies - Statistics

General Stats
  • This quiz has been taken 591 times
    540 since last reset
  • The average score is 21 of 33
Answer Stats
Year of Release Film % Correct
1982 E.T. the Extra-Terrestrial
91%
1975 Jaws
91%
1993 Jurassic Park
89%
1981 Raiders of the Lost Ark
89%
1984 Indiana Jones and the Temple of Doom
87%
1989 Indiana Jones and the Last Crusade
86%
1993 Schindler's List
84%
1998 Saving Private Ryan
76%
1977 Close Encounters of the Third Kind
74%
2008 Indiana Jones and the Kingdom of the Crystal Skull
71%
2018 Ready Player One
68%
2022 The Fabelmans
64%
2002 Catch Me If You Can
63%
2021 West Side Story
62%
2002 Minority Report
59%
2005 War of the Worlds
59%
1985 The Color Purple
58%
1997 The Lost World: Jurassic Park
58%
2005 Munich
56%
2012 Lincoln
54%
2011 War Horse
54%
2001 A.I. Artificial Intelligence
52%
2016 The BFG
52%
1979 1941
51%
2011 The Adventures of Tintin
51%
2004 The Terminal
51%
2017 The Post
50%
1991 Hook
49%
2015 Bridge of Spies
48%
1997 Amistad
47%
1974 The Sugarland Express
43%
1987 Empire of the Sun
42%
1989 Always
36%
No matching quizzes found
Score Distribution
Percent of People with Each Score
Percentile by Number Answered
Your Score History
You have not taken this quiz since the last reset